MARC

LEADER 00000nam0a2200000 4500
001 332789
005 20231102004506.0
035 |a (RuTPU)RU\TPU\book\358762 
090 |a 332789 
100 |a 20170531d1964 m y0rusy50 ca 
101 0 |a eng 
102 |a RU 
105 |a y j 001zy 
200 1 |a Книга для чтения для технических вузов  |f Э. Я. Баг, Н. А. Нечаева 
210 |a Москва  |c Высшая школа  |d 1964 
215 |a 105 с. 
320 |a Библиогр.: с. 103-105 
606 1 |a Английский язык  |x Учебные руководства и пособия  |x Книги для чтения по различным специальностям. Технические хрестоматии  |2 stltpush  |3 (RuTPU)RU\TPU\subj\29076  |9 52488 
610 1 |a лексика 
610 1 |a тексты 
610 1 |a чтение 
610 1 |a техника 
610 1 |a технические вузы 
686 |a Ш143.21-923.81  |v LBC/SL-A  |2 rubbk 
700 1 |a Баг  |b Э. Я.  |g Этель Яковлевна 
701 1 |a Нечаева  |b Н. А.  |g Нина Алексеевна 
801 1 |a RU  |b 63413507  |c 20170531 
801 2 |a RU  |b 63413507  |c 20170602  |g RCR 
942 |c BK